| 000 | 00743nam a2200205Ii 4500 | ||
|---|---|---|---|
| 003 | JO-AjNU | ||
| 008 | 230605s9999||||xx |||||||||||||| ||und|| | ||
| 017 | _a1990/970 | ||
| 040 |
_aJO-AjNU _bara _erda _cJO-AjNU |
||
| 041 | _aara | ||
| 050 | 1 | 4 | _aHV6171 .S2292 1990 |
| 100 | 3 |
_a سعدي ، واثبة داود, _eauthor _946443 |
|
| 245 | 0 | 0 | _aالاسس النظرية لعلمي الاجرام والسياسة الجنائية |
| 264 | 3 | 1 | _aد.م:د.ن،1990 |
| 300 |
_a192ص _bيحتوي على ببلوغرافية من 188-192ص |
||
| 336 |
_atext _btxt _2rdacontent |
||
| 337 |
_aunmediated _bn _2rdamedia |
||
| 338 |
_avolume _bnc _2rdacarrier |
||
| 650 | 4 |
_a الجريمة والمجرمون- الاجرام - علم _946444 |
|
| 999 |
_aA20204 _c23772 _d23772 |
||